00986nam a2200265 a 450000100060000000300080000600500170001400800410003103500190007204000270009104100080011808200270012610000590015324500850021225000130029726000470031030000240035750400300038165000350041165000450044670000600049194200120055199900170056395201400058068111BD-RjUL20211209081731.0170330r19641958nyu b 001 0 eng  a(BD-RjUL)68320 aDLCcDLCdBD-RjULbeng aeng00a136.7354223bGAE 19641 aGallagher, J. Roswellq(James Roswell),d1903-920191010aEmotional problems of adolescents /cJ. Roswell Gallagher and Herbert I. Harris. aRev. ed. aNew York :bOxford University Press,c1964 ax, 210 p. ;c21 cm. aBibliography: p. 205-206. 0aAdolescent psychology.9201417 0aEmotional problems of teenagers.92019111 aHarris, Herbert Ignatius,d1905-ejoint author.9201912 2ddccBK c68111d68111 00102ddc40718NFICaRUCLbRUCLcReadingd1967-05-25eFerozousg25.00l0o136.7354 GAE 1964r2017-03-30 00:00:00tC-1w2017-03-30yBK